[Event "DEM U14 2019"]
[Site "Willingen GER"]
[Date "2019.06.10"]
[Round "3"]
[White "Weihrauch, Jakob"]
[Black "Krastev, Alexander"]
[Result "1/2-1/2"]
[Termination "normal"]
[Board "1"]
[BlackTitle "FM"]
[WhiteElo "2158"]
[BlackElo "2344"]
[WhiteClock "00:04:09"]
[BlackClock "00:01:09"]
[PlyCount "123"]
[WhiteFideId "16210115"]
[BlackFideId "12989983"]
[EventCountry "GER"]
[EventRounds "9"]
[EventType "swiss"]
[EventDate "2019.06.08"]

1. e4 e5 2. Nf3 Nc6 3. Bb5 a6 4. Ba4 d6 5. O-O Bd7 6. c3 Nf6 7. Re1 g6 8. d4 b5
9. Bc2 Bg7 10. Nbd2 O-O 11. Nf1 Re8 12. d5 Na5 13. Bg5 h6 14. Bxf6 Qxf6 15. Ne3
c5 16. dxc6 Bxc6 17. Nd5 Qd8 18. a4 Rc8 19. Nb4 Bb7 20. axb5 axb5 21. Qd3 Nc4
22. b3 Nb6 23. Ra5 f5 24. Rxb5 fxe4 25. Qe3 Rc5 26. Rxb6 Qxb6 27. Bxe4 Bxe4 28.
Qxe4 Kh7 29. Nh4 Re6 30. Re3 Qa7 31. c4 Ra5 32. h3 Ra1+ 33. Kh2 Rd1 34. Nf3 Rf6
35. Nd5 Rf5 36. g4 Rf8 37. Kg2 Qf7 38. b4 Rd4 39. Qc2 Rxd5 40. cxd5 Qxd5 41.
Kg3 Qf7 42. Kg2 Qb7 43. Qb1 Rf4 44. Rb3 Qf7 45. Qc2 e4 46. Ne1 Rxf2+ 47. Qxf2
Qxb3 48. Nc2 d5 49. h4 Qb2 50. h5 Qe5 51. hxg6+ Kxg6 52. Ne3 d4 53. Nf5 Bf6 54.
Qd2 e3 55. Qd3 Kg5 56. Ng3 Qd5+ 57. Kh3 Qf3 58. Qb5+ Kg6 59. Qe8+ Kg7 60. Kh2
Qf2+ 61. Kh3 Qf3 62. Kh2 1/2-1/2

[Event "DEM U14 2019"]
[Site "Willingen GER"]
[Date "2019.06.10"]
[Round "3"]
[White "Musiolik, David"]
[Black "Pubantz, Jan"]
[Result "0-1"]
[Termination "normal"]
[Board "2"]
[WhiteElo "2132"]
[BlackElo "2192"]
[WhiteClock "00:00:33"]
[BlackClock "00:01:07"]
[PlyCount "70"]
[WhiteFideId "12972355"]
[BlackFideId "12996114"]
[EventCountry "GER"]
[EventRounds "9"]
[EventType "swiss"]
[EventDate "2019.06.08"]

1. e4 c6 2. Nc3 d5 3. Nf3 dxe4 4. Nxe4 Nf6 5. d3 Bf5 6. Ng3 Bg6 7. Nh4 e6 8.
Be2 Nbd7 9. Nxg6 hxg6 10. Ne4 Qc7 11. Nxf6+ gxf6 12. h3 O-O-O 13. Be3 Nb6 14.
c3 Nd5 15. Qd2 f5 16. g3 Kb8 17. Kd1 Nxe3+ 18. Qxe3 e5 19. Kc2 Bh6 20. Qc5 Rd5
21. Qc4 Rhd8 22. Qh4 Bf8 23. Rad1 Qb6 24. Rhf1 Bc5 25. g4 Qa6 26. gxf5 gxf5 27.
Qh5 Qb6 28. Qxf5 Qc7 29. Bf3 R5d7 30. h4 Qd6 31. h5 f6 32. h6 Rh8 33. Qh5 Rdh7
34. Rh1 Qf8 35. Qf5 Rxh6 0-1

[Event "DEM U14 2019"]
[Site "Willingen GER"]
[Date "2019.06.10"]
[Round "3"]
[White "Bethke, Richard"]
[Black "von Krosigk, Florian"]
[Result "1-0"]
[Termination "normal"]
[Board "4"]
[WhiteElo "2246"]
[BlackElo "1926"]
[WhiteClock "00:11:29"]
[BlackClock "00:00:40"]
[PlyCount "65"]
[WhiteFideId "12959243"]
[BlackFideId "16227808"]
[EventCountry "GER"]
[EventRounds "9"]
[EventType "swiss"]
[EventDate "2019.06.08"]

1. e4 c5 2. Nf3 d6 3. d4 cxd4 4. Nxd4 Nf6 5. Nc3 a6 6. Be3 Ng4 7. Bg5 h6 8. Bh4
g5 9. Bg3 Bg7 10. h3 Ne5 11. f3 Nbc6 12. Bf2 Nxd4 13. Bxd4 Be6 14. h4 Qa5 15.
hxg5 hxg5 16. Rxh8+ Bxh8 17. Qd2 Rc8 18. Qf2 Rc6 19. a3 Kf8 20. O-O-O b5 21.
Nd5 Bxd5 22. exd5 Rc8 23. Qd2 Qa4 24. Kb1 b4 25. b3 Qxa3 26. Qxg5 Qa5 27. f4
Qc7 28. Qf5 Ng6 29. Bxh8 Nxh8 30. Bd3 Qc3 31. Rh1 Ng6 32. Rh7 Nh8 33. Rxh8+ 1-0

[Event "DEM U14 2019"]
[Site "Willingen GER"]
[Date "2019.06.10"]
[Round "3"]
[White "Evering, Sören"]
[Black "Röhr, Oliver"]
[Result "1-0"]
[Termination "normal"]
[Board "6"]
[WhiteElo "1879"]
[BlackElo "1960"]
[WhiteClock "00:02:20"]
[BlackClock "00:00:44"]
[PlyCount "79"]
[WhiteFideId "12974650"]
[BlackFideId "12987697"]
[EventCountry "GER"]
[EventRounds "9"]
[EventType "swiss"]
[EventDate "2019.06.08"]

1. e4 e5 2. Nf3 Nc6 3. Bb5 a6 4. Ba4 Nge7 5. O-O g6 6. c3 Bg7 7. d4 exd4 8.
cxd4 b5 9. Bb3 O-O 10. Nc3 d6 11. h3 Na5 12. Bc2 c5 13. Bf4 Nc4 14. b3 Na5 15.
Ne2 Ra7 16. Rc1 c4 17. Qd2 d5 18. e5 Bf5 19. Bh6 Bxc2 20. Bxg7 Kxg7 21. Qxc2
Qd7 22. Nf4 cxb3 23. axb3 Rc8 24. Qb2 Rac7 25. e6 Qd6 26. Rxc7 Qxc7 27. Ne5 f6
28. Ned3 Qc3 29. Qa3 Nac6 30. Rc1 Qxd4 31. Qxa6 Nb4 32. Qb7 Rxc1+ 33. Nxc1 Nbc6
34. Nce2 Qd1+ 35. Kh2 g5 36. Nh5+ Kg6 37. Nhg3 Qxb3 38. Nd4 Nxd4 39. Qxe7 Nxe6
40. Qe8+ 1-0

[Event "DEM U14 2019"]
[Site "Willingen GER"]
[Date "2019.06.10"]
[Round "3"]
[White "Gallasch, Jonas"]
[Black "Tham, Nam"]
[Result "1-0"]
[Termination "normal"]
[Board "7"]
[WhiteElo "2137"]
[BlackElo "1993"]
[WhiteClock "00:24:39"]
[BlackClock "00:40:08"]
[PlyCount "87"]
[WhiteFideId "16222474"]
[BlackFideId "12997331"]
[EventCountry "GER"]
[EventRounds "9"]
[EventType "swiss"]
[EventDate "2019.06.08"]

1. d4 d5 2. c4 e6 3. Nc3 c6 4. cxd5 exd5 5. Qc2 Bd6 6. Nf3 Ne7 7. Bg5 f6 8. Bd2
Bf5 9. e4 dxe4 10. Nxe4 O-O 11. Bd3 Bxe4 12. Bxe4 f5 13. Bd3 Qd7 14. O-O Kh8
15. Rfe1 Nd5 16. a3 h6 17. Nh4 Ne7 18. Rxe7 Bxe7 19. Ng6+ Kg8 20. Bxf5 Rxf5 21.
Qxf5 Bf6 22. Qf3 Na6 23. Bc3 Nc7 24. Re1 Nd5 25. Ne5 Qc7 26. Qf5 Rd8 27. Qe6+
Kh7 28. Nf7 Rf8 29. Nd6 Rd8 30. Ne8 Qf4 31. g3 Qf3 32. Qf7 Rc8 33. Qxb7 Qg4 34.
Nxf6+ Nxf6 35. Qxa7 Rf8 36. Qa6 Nd5 37. Qe2 Qc8 38. a4 Kh8 39. a5 Qd8 40. a6
Qb6 41. Ra1 Ra8 42. Qc4 Nc7 43. a7 Nb5 44. Qf7 1-0

[Event "DEM U14 2019"]
[Site "Willingen GER"]
[Date "2019.06.10"]
[Round "3"]
[White "Lutz, Ruben"]
[Black "Matthäi, Jakob"]
[Result "1-0"]
[Termination "normal"]
[Board "8"]
[WhiteElo "2055"]
[BlackElo "1666"]
[WhiteClock "00:05:08"]
[BlackClock "00:07:39"]
[PlyCount "79"]
[WhiteFideId "12975974"]
[BlackFideId "16240421"]
[EventCountry "GER"]
[EventRounds "9"]
[EventType "swiss"]
[EventDate "2019.06.08"]

1. d4 Nf6 2. Nc3 d5 3. Bg5 Nbd7 4. e3 e6 5. Bd3 c5 6. Nf3 Be7 7. O-O O-O 8. Re1
h6 9. Bh4 b6 10. dxc5 Nxc5 11. Ne2 Bb7 12. Ned4 Nfe4 13. Bxe7 Qxe7 14. Ne5 Qc7
15. f4 a6 16. Qh5 Nf6 17. Qh4 Nfd7 18. Ng4 f5 19. Nf2 Rae8 20. g4 Ne4 21. gxf5
exf5 22. Nxe4 fxe4 23. Be2 Nc5 24. Bh5 Re7 25. Bg4 Bc8 26. Bxc8 Rxc8 27. Qg4
Qd7 28. Qxd7 Nxd7 29. Rad1 Nf6 30. Re2 Kf7 31. Rg2 g6 32. Kf2 Rec7 33. Rdg1 Rg8
34. Ke2 Ne8 35. h4 Nf6 36. Kd2 Rcc8 37. f5 gxf5 38. Nxf5 Rxg2+ 39. Rxg2 h5 40.
Nd6+ 1-0

[Event "DEM U14 2019"]
[Site "Willingen GER"]
[Date "2019.06.10"]
[Round "3"]
[White "Breß, Aaron"]
[Black "Arakelian, Aik"]
[Result "1/2-1/2"]
[Termination "normal"]
[Board "9"]
[WhiteElo "1849"]
[BlackElo "1911"]
[WhiteClock "00:01:38"]
[BlackClock "00:15:30"]
[PlyCount "59"]
[WhiteFideId "12996432"]
[BlackFideId "16220340"]
[EventCountry "GER"]
[EventRounds "9"]
[EventType "swiss"]
[EventDate "2019.06.08"]

1. e4 c5 2. Nf3 d6 3. d4 cxd4 4. Nxd4 Nf6 5. Nc3 g6 6. Be3 Bg7 7. Bc4 Nc6 8. f3
O-O 9. Bb3 Bd7 10. Qd2 Rc8 11. O-O-O Na5 12. Kb1 Nc4 13. Bxc4 Rxc4 14. h4 a6
15. h5 b5 16. hxg6 fxg6 17. Nde2 Qc8 18. Bh6 Rf7 19. Bxg7 Rxg7 20. Nf4 Rc5 21.
Nd3 Rc7 22. g4 Be6 23. e5 dxe5 24. Nxe5 Nd7 25. Rhe1 Nxe5 26. Rxe5 Rf7 27. Rxe6
Rxc3 28. Qd8+ Kg7 29. Qd4+ Kg8 30. Qd8+ 1/2-1/2

[Event "DEM U14 2019"]
[Site "Willingen GER"]
[Date "2019.06.10"]
[Round "3"]
[White "Bui, Bao Anh Le"]
[Black "Schulemann, Gero"]
[Result "1-0"]
[Termination "normal"]
[Board "10"]
[WhiteElo "2065"]
[BlackElo "1862"]
[WhiteClock "00:17:37"]
[BlackClock "00:47:02"]
[PlyCount "47"]
[WhiteFideId "12970719"]
[BlackFideId "16227646"]
[EventCountry "GER"]
[EventRounds "9"]
[EventType "swiss"]
[EventDate "2019.06.08"]

1. e4 c5 2. Nf3 e6 3. b3 a6 4. Bb2 d6 5. d4 cxd4 6. Nxd4 Nf6 7. Nc3 Qc7 8. Qe2
Be7 9. O-O-O Nbd7 10. g4 Ne5 11. g5 Nfd7 12. f4 Ng6 13. Qd2 h6 14. gxh6 Rxh6
15. Rg1 Bf6 16. f5 Ngf8 17. fxe6 fxe6 18. Nf5 d5 19. Nxh6 gxh6 20. exd5 Bg5 21.
Rxg5 hxg5 22. Qxg5 Qxh2 23. d6 Rb8 24. Qe7# 1-0

[Event "DEM U14 2019"]
[Site "Willingen GER"]
[Date "2019.06.10"]
[Round "3"]
[White "Gutewort, Paul Emil"]
[Black "Eilenberg, Jonas"]
[Result "0-1"]
[Termination "normal"]
[Board "11"]
[WhiteElo "1708"]
[BlackElo "1934"]
[WhiteClock "00:17:00"]
[BlackClock "00:40:26"]
[PlyCount "120"]
[WhiteFideId "16204182"]
[BlackFideId "16204271"]
[EventCountry "GER"]
[EventRounds "9"]
[EventType "swiss"]
[EventDate "2019.06.08"]

1. d4 d5 2. Bf4 e6 3. e3 Nf6 4. Nd2 Bd6 5. Bg3 O-O 6. c3 c5 7. Bd3 Nc6 8. Ngf3
b6 9. Qe2 Re8 10. Bxd6 Qxd6 11. O-O e5 12. dxe5 Nxe5 13. Nxe5 Qxe5 14. Nf3 Qc7
15. h3 Bb7 16. Qc2 Rad8 17. Rfe1 Ne4 18. Rad1 h6 19. Nd2 Nf6 20. Nf3 a6 21. a3
Qe7 22. Be2 Ne4 23. Bd3 Qf6 24. Bxe4 dxe4 25. Nh2 Qg6 26. Nf1 Rd3 27. Ng3 Red8
28. Qe2 c4 29. Qf1 Bc8 30. Kh1 b5 31. Ne2 Qh5 32. Rb1 g5 33. Kg1 Kh8 34. Ng3
Qh4 35. Ne2 Rg8 36. g3 Qxh3 37. Qxh3 Bxh3 38. Nd4 Bd7 39. Kg2 Kg7 40. Rg1 Kf6
41. Rh1 Rg6 42. Rhe1 Kg7 43. Rbd1 Bg4 44. Rxd3 cxd3 45. Nb3 Bf3+ 46. Kg1 g4 47.
Nd2 Rg5 48. Nxf3 gxf3 49. Rd1 h5 50. Kf1 h4 51. gxh4 Rg2 52. b3 Rh2 53. Ke1 Kf6
54. c4 bxc4 55. bxc4 Ke6 56. h5 Rxh5 57. Kd2 Kd6 58. Rf1 Ra5 59. Ra1 Kc5 60.
Kc3 Ra4 0-1

[Event "DEM U14 2019"]
[Site "Willingen GER"]
[Date "2019.06.10"]
[Round "3"]
[White "Laux, Dominik"]
[Black "Bornholdt, Joa Max"]
[Result "1-0"]
[Termination "normal"]
[Board "12"]
[WhiteElo "2061"]
[BlackElo "1754"]
[WhiteClock "00:18:12"]
[BlackClock "00:29:36"]
[PlyCount "55"]
[WhiteFideId "12994219"]
[BlackFideId "16253477"]
[EventCountry "GER"]
[EventRounds "9"]
[EventType "swiss"]
[EventDate "2019.06.08"]

1. d4 g6 2. Bf4 Nf6 3. Nc3 Bg7 4. e4 d6 5. Qd2 Nbd7 6. Nf3 c5 7. d5 O-O 8. Bh6
Ng4 9. Bxg7 Kxg7 10. O-O-O a6 11. h3 Nge5 12. Nxe5 Nxe5 13. f4 Nd7 14. g4 Nf6
15. Be2 b5 16. g5 Ng8 17. Rdg1 e6 18. h4 b4 19. Nd1 exd5 20. exd5 Ne7 21. h5
Bf5 22. Ne3 Kg8 23. Bd3 Qd7 24. Bxf5 gxf5 25. b3 a5 26. c4 bxc3 27. Qxc3 a4 28.
Qf6 1-0

[Event "DEM U14 2019"]
[Site "Willingen GER"]
[Date "2019.06.10"]
[Round "3"]
[White "Haack, Kevin"]
[Black "Röste, Hugo"]
[Result "0-1"]
[Termination "normal"]
[Board "13"]
[WhiteElo "2033"]
[BlackElo "1466"]
[WhiteClock "00:03:01"]
[BlackClock "00:10:38"]
[PlyCount "116"]
[WhiteFideId "16228715"]
[BlackFideId "16247604"]
[EventCountry "GER"]
[EventRounds "9"]
[EventType "swiss"]
[EventDate "2019.06.08"]

1. c4 e5 2. Nc3 Nf6 3. Nf3 Nc6 4. g3 Nd4 5. Bg2 Nxf3+ 6. Bxf3 Bb4 7. d4 e4 8.
Bg2 h6 9. Bd2 Bxc3 10. Bxc3 O-O 11. O-O d5 12. cxd5 Qxd5 13. Qc2 c6 14. b3 Bf5
15. Rac1 Qd7 16. d5 cxd5 17. Bxf6 gxf6 18. Qd2 Kg7 19. Rfd1 Rfd8 20. Qf4 Qe6
21. Rc7 b6 22. Rdc1 Qe5 23. Rb7 Qxf4 24. gxf4 Rd7 25. Rxd7 Bxd7 26. Rc7 Be6 27.
f3 f5 28. Kf2 a6 29. Rb7 b5 30. Rb6 Kf8 31. Ke3 Ke7 32. Kd4 Kd7 33. Ke5 Ra7 34.
Rd6+ Ke7 35. Rb6 Kd7 36. fxe4 dxe4 37. Bh3 Rc7 38. Rxa6 Rc2 39. e3 Rxh2 40. Bf1
b4 41. Bc4 h5 42. Bxe6+ fxe6 43. Ra7+ Kc6 44. Kxe6 Re2 45. Kxf5 Rxe3 46. Rh7
Re2 47. Rxh5 Kd5 48. Rh1 e3 49. Kg4 Ke4 50. Kg3 Rxa2 51. Rf1 e2 52. Rh1 Ke3 53.
f5 Rd2 54. f6 Rd1 55. f7 Rxh1 56. f8=Q e1=Q+ 57. Kg4 Qg1+ 58. Kf5 Qf2+ 0-1

[Event "DEM U14 2019"]
[Site "Willingen GER"]
[Date "2019.06.10"]
[Round "3"]
[White "Elsner, Robert"]
[Black "Kosev, Momchil"]
[Result "1-0"]
[Termination "normal"]
[Board "14"]
[WhiteElo "1745"]
[BlackElo "1827"]
[WhiteClock "00:06:57"]
[BlackClock "00:08:01"]
[PlyCount "75"]
[WhiteFideId "16246390"]
[BlackFideId "12975982"]
[EventCountry "GER"]
[EventRounds "9"]
[EventType "swiss"]
[EventDate "2019.06.08"]

1. Nf3 c5 2. e4 d6 3. d4 cxd4 4. Nxd4 Nf6 5. Nc3 a6 6. Be3 e5 7. Nb3 Be6 8. f3
Be7 9. Qd2 h5 10. O-O-O Nbd7 11. h3 h4 12. Be2 Qc7 13. f4 b5 14. Nd5 Bxd5 15.
exd5 Rc8 16. Bf3 e4 17. Bg4 Nxd5 18. Bxd7+ Kxd7 19. Nc5+ dxc5 20. Qxd5+ Ke8 21.
Qxe4 Kf8 22. Rd5 Rd8 23. Rxd8+ Qxd8 24. Rd1 Qc8 25. f5 b4 26. Qd5 Rh5 27. Rf1
Bg5 28. Bxg5 Rxg5 29. Qd6+ Kg8 30. Qf4 f6 31. Qe4 c4 32. Rf4 c3 33. Qd5+ Kf8
34. Rxh4 cxb2+ 35. Kb1 Rxf5 36. Rh8+ Ke7 37. Qe4+ Qe6 38. Re8+ 1-0

[Event "DEM U14 2019"]
[Site "Willingen GER"]
[Date "2019.06.10"]
[Round "3"]
[White "Haufe, Laurin"]
[Black "Chassard, Cedric"]
[Result "0-1"]
[Termination "normal"]
[Board "16"]
[WhiteElo "1995"]
[BlackElo "1772"]
[WhiteClock "00:12:35"]
[BlackClock "00:35:50"]
[PlyCount "74"]
[WhiteFideId "12976504"]
[BlackFideId "16243536"]
[EventCountry "GER"]
[EventRounds "9"]
[EventType "swiss"]
[EventDate "2019.06.08"]

1. e4 e6 2. d4 d5 3. Nc3 Nf6 4. e5 Nfd7 5. f4 c5 6. Nce2 Nc6 7. Nf3 a6 8. c3
Qb6 9. g3 Be7 10. Bh3 cxd4 11. cxd4 a5 12. O-O O-O 13. Kh1 a4 14. f5 exf5 15.
Bxf5 Qc7 16. Nc3 Nb6 17. Bc2 Nb4 18. Nxa4 Qxc2 19. Nxb6 Bh3 20. Qxc2 Nxc2 21.
Nxd5 Bxf1 22. Nxe7+ Kh8 23. Rb1 Bd3 24. Ng5 Nxd4 25. Be3 Bxb1 26. Bxd4 h6 27.
Nh3 Be4+ 28. Kg1 Rfe8 29. Bc5 Rxa2 30. Kf2 Rxb2+ 31. Ke3 Rxh2 32. Nf4 Bc6 33.
e6 fxe6 34. Nxe6 Rh5 35. Ng6+ Kh7 36. Ngf8+ Kg8 37. Bd6 Rd5 0-1

[Event "DEM U14 2019"]
[Site "Willingen GER"]
[Date "2019.06.10"]
[Round "3"]
[White "Schubert, Nikita"]
[Black "Divry, Alexandre"]
[Result "1-0"]
[Termination "normal"]
[Board "17"]
[WhiteElo "1806"]
[BlackElo "1654"]
[WhiteClock "00:03:30"]
[BlackClock "00:10:04"]
[PlyCount "55"]
[WhiteFideId "16212339"]
[BlackFideId "16286006"]
[EventCountry "GER"]
[EventRounds "9"]
[EventType "swiss"]
[EventDate "2019.06.08"]

1. d4 Nf6 2. c4 e6 3. Nf3 d5 4. g3 dxc4 5. Bg2 c5 6. O-O Nc6 7. Qa4 Bd7 8. Qxc4
b5 9. Qd3 c4 10. Qd1 Be7 11. Nc3 Qb6 12. Ne5 Rd8 13. Be3 Nb4 14. a4 a6 15. b3
Nfd5 16. Nxd5 Nxd5 17. bxc4 bxc4 18. Nxc4 Qb4 19. Qd3 Rc8 20. Ne5 Bd6 21. Nxd7
Kxd7 22. Bxd5 exd5 23. Qf5+ Ke7 24. Qxd5 Qc4 25. Qe4+ Kd7 26. Rfc1 Qxe2 27.
Qf5+ Ke7 28. Rxc8 1-0

[Event "DEM U14 2019"]
[Site "Willingen GER"]
[Date "2019.06.10"]
[Round "3"]
[White "May, Ben-Iven"]
[Black "Schauties, Nico Antonio"]
[Result "0-1"]
[Termination "normal"]
[Board "18"]
[WhiteElo "1692"]
[BlackElo "1866"]
[WhiteClock "00:00:43"]
[BlackClock "01:10:36"]
[PlyCount "124"]
[WhiteFideId "16229673"]
[BlackFideId "16206371"]
[EventCountry "GER"]
[EventRounds "9"]
[EventType "swiss"]
[EventDate "2019.06.08"]

1. e4 e6 2. d4 d5 3. exd5 exd5 4. Bd3 Bd6 5. Nf3 Nf6 6. O-O O-O 7. Bg5 Bg4 8.
Nbd2 Nbd7 9. c3 c6 10. Qc2 Qc7 11. Rfe1 Rfe8 12. Bh4 Bh5 13. Bg3 Bxg3 14. hxg3
Bg6 15. Bxg6 hxg6 16. b4 b6 17. Rac1 c5 18. bxc5 bxc5 19. dxc5 Rac8 20. Rxe8+
Nxe8 21. Nb3 Nxc5 22. c4 Nxb3 23. axb3 dxc4 24. Qxc4 Qxc4 25. bxc4 Rc5 26. Kf1
Kf8 27. Ke2 Ke7 28. Kd3 Nc7 29. Nd2 Ne6 30. Ne4 Rc7 31. Rb1 Kd7 32. Rb5 Kc6 33.
Rd5 Rd7 34. Nc3 Nc7 35. Rxd7 Kxd7 36. c5 Kc6 37. Kc4 Ne6 38. Na4 f5 39. Kb4 a5+
40. Kxa5 Nxc5 41. Nc3 Nd3 42. Nd1 Kc5 43. Ka4 Kc4 44. Ka3 Ne1 45. Kb2 Kd3 46.
Nc3 Nxg2 47. Kb3 Ne1 48. Nd5 Ke2 49. f4 Kf3 50. Kc3 Kxg3 51. Ne7 Kxf4 52. Nxg6+
Ke3 53. Nh4 Ke4 54. Ng6 f4 55. Kd2 Ng2 56. Ke2 f3+ 57. Kf2 Nf4 58. Nf8 g5 59.
Nh7 Nh3+ 60. Kf1 Kf5 61. Nf8 g4 62. Nd7 g3 0-1

[Event "DEM U14 2019"]
[Site "Willingen GER"]
[Date "2019.06.10"]
[Round "3"]
[White "Rockmann, Enno"]
[Black "Wang, Xinyuan"]
[Result "1-0"]
[Termination "normal"]
[Board "19"]
[WhiteElo "1527"]
[BlackElo "1709"]
[WhiteClock "01:13:17"]
[BlackClock "00:29:53"]
[PlyCount "59"]
[WhiteFideId "12982920"]
[BlackFideId "16221494"]
[EventCountry "GER"]
[EventRounds "9"]
[EventType "swiss"]
[EventDate "2019.06.08"]

1. e4 c5 2. Nf3 e6 3. c3 d5 4. exd5 exd5 5. d4 Nc6 6. Bd3 cxd4 7. cxd4 Nf6 8.
Bf4 Bd6 9. Ne5 Nxd4 10. Qa4+ Nc6 11. Nxc6 bxc6 12. Qxc6+ Ke7 13. Bxd6+ Qxd6 14.
Qxa8 Qe5+ 15. Be2 Qxb2 16. Qxa7+ Ke8 17. Qa4+ Nd7 18. Qc6 Qxa1 19. Qxc8+ Ke7
20. Qc2 Rb8 21. O-O Rb2 22. Qd3 Qxa2 23. Rc1 Ne5 24. Qa6 Rxe2 25. Qb7+ Nd7 26.
Nc3 Qb2 27. Nxd5+ Kd6 28. Qc6+ Ke5 29. f4+ Kd4 30. Qc4# 1-0

[Event "DEM U14 2019"]
[Site "Willingen GER"]
[Date "2019.06.10"]
[Round "3"]
[White "Kolmykov, Egor"]
[Black "Seng, Alexander"]
[Result "1/2-1/2"]
[Termination "normal"]
[Board "20"]
[WhiteElo "1592"]
[BlackElo "1505"]
[WhiteClock "00:21:48"]
[BlackClock "00:21:16"]
[PlyCount "52"]
[WhiteFideId "16244613"]
[BlackFideId "16230990"]
[EventCountry "GER"]
[EventRounds "9"]
[EventType "swiss"]
[EventDate "2019.06.08"]

1. e4 c5 2. d3 Nc6 3. g3 Nf6 4. Bg2 d6 5. f4 g6 6. c3 Bg7 7. Nf3 Qa5 8. Nbd2
O-O 9. O-O Bd7 10. Nc4 Qc7 11. e5 Ne8 12. d4 cxd4 13. cxd4 Rd8 14. Ne3 dxe5 15.
dxe5 f6 16. Qb3+ e6 17. Bd2 fxe5 18. fxe5 Bxe5 19. Nxe5 Nxe5 20. Rxf8+ Kxf8 21.
Rc1 Qb6 22. Qxb6 axb6 23. Bxb7 Nd3 24. Rf1+ Ke7 25. Bc3 Bb5 26. Rd1 Nc5 1/2-1/2

[Event "DEM U14 2019"]
[Site "Willingen GER"]
[Date "2019.06.10"]
[Round "3"]
[White "Weidenhöfer, Max"]
[Black "Straub, Benno"]
[Result "1-0"]
[Termination "normal"]
[Board "21"]
[WhiteElo "1787"]
[BlackElo "1490"]
[WhiteClock "00:57:38"]
[BlackClock "01:05:23"]
[PlyCount "87"]
[WhiteFideId "16230566"]
[BlackFideId "16255488"]
[EventCountry "GER"]
[EventRounds "9"]
[EventType "swiss"]
[EventDate "2019.06.08"]

1. e4 e5 2. Nf3 Nc6 3. Bc4 Bc5 4. c3 Nf6 5. d3 d6 6. O-O Bg4 7. Bb3 h6 8. Re1
Qd7 9. Nbd2 Nh5 10. Nf1 Nf4 11. d4 Bb6 12. Ba4 Qe7 13. d5 Qd7 14. dxc6 bxc6 15.
Bxf4 exf4 16. e5 O-O-O 17. exd6 cxd6 18. Qd3 Be6 19. Nd4 Bd5 20. Qf5 Qxf5 21.
Nxf5 Be6 22. Nd4 Bxd4 23. cxd4 Kd7 24. Bb3 Rb8 25. Bxe6+ fxe6 26. b3 Rb4 27.
Rad1 Rf8 28. h3 f3 29. g3 h5 30. h4 Rb6 31. Re3 Rb4 32. Nh2 Rf5 33. Nxf3 Ra5
34. Re2 Rd5 35. Red2 a5 36. Rd3 a4 37. Kf1 Ke7 38. Ke2 c5 39. dxc5 Re4+ 40. Kf1
axb3 41. cxd6+ Kxd6 42. axb3 Kc6 43. Rxd5 exd5 44. Re1 1-0

[Event "DEM U14 2019"]
[Site "Willingen GER"]
[Date "2019.06.10"]
[Round "3"]
[White "Wildermuth, Nikolas Karl"]
[Black "Wellßow, Keoki"]
[Result "0-1"]
[Termination "normal"]
[Board "22"]
[WhiteElo "1630"]
[BlackElo "1509"]
[WhiteClock "00:51:50"]
[BlackClock "00:05:50"]
[PlyCount "72"]
[WhiteFideId "16244699"]
[BlackFideId "16251075"]
[EventCountry "GER"]
[EventRounds "9"]
[EventType "swiss"]
[EventDate "2019.06.08"]

1. e4 g6 2. d4 Bg7 3. Nc3 d6 4. Be3 a6 5. Qd2 b5 6. f3 Bb7 7. O-O-O Nd7 8. Kb1
c5 9. d5 Nb6 10. g4 b4 11. Nce2 Nc4 12. Qc1 Bxb2 13. Qxb2 Nxb2 14. Kxb2 Qa5 15.
Bc1 Rb8 16. Nf4 Bc8 17. Ng2 Bd7 18. Ne3 Bb5 19. Nc4 Bxc4 20. Bxc4 Nf6 21. Ne2
Qa3+ 22. Kb1 Qxf3 23. Rhf1 Qxe4 24. Rf4 Qg2 25. Rg1 Qxh2 26. Rgf1 Nxd5 27. Bxd5
Qxe2 28. Bxf7+ Kd7 29. Bc4 Qg2 30. Bb2 e5 31. Rf7+ Kc6 32. Ra7 Ra8 33. Re7 Rhf8
34. Rd1 h5 35. Bd5+ Qxd5 36. Rxd5 Kxd5 0-1